000 00549 a2200157 4500
999 _c9003
_d9003
020 _a9781919895994
050 _aKF2971 BEE 2014
100 _aBeer, Jeremy De et al
_eeditor
245 _aInnovation and intellectual property :
_bCollaborative dynamics in Africa
_cJeremy De Beer,Chris Armstrong etal
264 _aClaremont :
_bUCT Press,
_c2014
300 _a408p.
500 _aincludes index and bibliographical references
650 _aIntellectual property
700 _aChidi Oguamanam and Tobias Schonwetter
942 _2lcc
_cBK
_h2971
_iBEE
_kKF